000 02238nam a2200361 i 4500
001 768714001
003 CO-MdFUSB
005 20210305121930.0
007 ta
008 200602t2006 arga|||| |||| 00| 0 spa d
020 _a9500263971
040 _aCO-MdFUSB
_bspa
_cCO-MdFUSB
_dCO-MdFUSBC
_erda
041 _aspa
_hfre
082 _223
_a292.13
_bM345
100 _aMarkale, Jean,
_eautor
240 _a Les revoltés de Dieu.
245 3 _aLos rebeldes de Dios
_c/ Jean Markale ; traducido por Silvia Kot
264 1 _aBuenos Aires, Argentina :
_bEl Ateneo,
_c[2006]
264 4 _c© 2006
300 _a244 páginas
_c; 23 cm
336 _2rdacontent
_atexto
_btxt
337 _2rdamedia
_asin mediación
_bn
338 _2rdacarrier
_avolumen
_bnc
505 _aLa rebelión de los ángeles -- Prometeo -- Lilit -- Adán y Eva -- Caín -- El diluvio y lo que sucedió antes -- La torre de Babel -- Sodoma y Gomorra -- La rebelión de los Atlantes -- Jacob -- Edipo -- Jesucristo.
520 _aEn la mayoría de las religiones y mitologías la idea de divinidad conlleva la noción de poder ilimitado que, sin importar su nombre, garantiza el buen funcionamiento del cosmos, donde los hombres apenas son engranajes. Cuando estos engranajes funcionan mal, cuando hay cataclismos, el hombre se rebela contra el orden divino y de la rebelión resultan, a veces, innovaciones felices para la humanidad. Los ángeles, Lilit, Caín, Edipo, Jesucristo, Prometeo, Adán y Eva, los Atlantes, son algunos de los "Rebeldes de Dios", expresión que se refiere tanto a los personajes que se rebelan contra Dios como a los que se rebelan en nombre de Dios. Jean Markale investiga en este libro a aquellos "Rebeldes de Dios", propone una interpretación innovadora de la Biblia y de los mitos y guía al lector a través de un viaje apasionante hacia la memoria de la humanidad. Un estudio sutil que plantea una pregunta teológica: el ser humano, ¿no habrá sido programado por el Creador para desobedecer?
563 _aRústico
630 0 7 _aBiblia.
_pGénesis
650 7 _923
_aBiblia y literatura
653 _aMitología clásica.
700 _94066
_aKot, Silvia,
_etraductor
942 _cBK
945 _aJTF-925
999 _c65965
_d65965